| 000 | 00563nam a2200193 i 4500 | ||
|---|---|---|---|
| 001 | 92656 | ||
| 003 | ES-MaACL | ||
| 005 | 20230906181027.0 | ||
| 007 | t| | ||
| 008 | 050413q19001999sp ||||1| spa d | ||
| 080 | _a(038)=134.2=361 | ||
| 100 | 1 |
_aBera López-Mendizabal, P. _927818 |
|
| 245 | 1 | 0 |
_aDiccionario Vasco-Castellano / _cP. Bera-López Mendizabal. |
| 250 | _a3ª ed. | ||
| 260 |
_aZarauz : _bIcharopena, _c[19-?] |
||
| 300 |
_a658 p. ; _c16 cm. |
||
| 650 | 1 | 4 |
_aLengua vasca- _vDiccionarios- _xEspañol. _914334 |
| 852 |
_aES-MaACL _jE-10963 _bR.135804 |
||
| 999 |
_c92656 _d92656 |
||